| 000 | 01137nac a22002531u 4500 | ||
|---|---|---|---|
| 010 | _a 2005041284 | ||
| 020 | _a0824757467 (acid-free paper) | ||
| 082 | 0 | 0 |
_a658.1552 _bH9271 |
| 090 |
_c3820 _d3820 |
||
| 100 | _a20080729 | ||
| 245 | 0 | 0 |
_aProject and cost engineers' handbook / _cedited by Kenneth K. Humphreys. |
| 250 | _a4th ed. | ||
| 260 |
_a[Morgantown, W.Va.?] : _bAACE International ; _aNew York : _bM. Dekker,2005 _cc2005. |
||
| 300 |
_axvi, 336 p. : _bill. ; _c24 cm. |
||
| 504 | _aIncludes bibliographical references and index. | ||
| 650 | 0 |
_aCosts, Industrial _vHandbooks, manuals, etc. |
|
| 650 | 0 |
_aCost control _vHandbooks, manuals, etc. |
|
| 650 | 0 |
_aProject management _vHandbooks, manuals, etc. |
|
| 700 | 1 | _aHumphreys, Kenneth King. | |
| 856 | 4 | 1 |
_3Table of contents only _uhttp://www.loc.gov/catdir/toc/fy0712/2005041284.html |
| 856 | 4 | 1 |
_3Publisher description _uhttp://www.loc.gov/catdir/enhancements/fy0647/2005041284-d.html |
| 942 |
_cBB _k658.1552H9271 |
||
| 999 |
_c3820 _d3820 |
||